Analýza výdavkov na vedu a výskum v Slovenskej republike
Výdavky na vedu a výskum na Slovensku - analýza. Percentuálny podiel na financovaní vedy a výskumu na Slovensku a v EÚ 27. Tendenciu poklesu výdavkov na vedu a výskum v celej EÚ treba zvrátiť.
Salvato in:
| Autore principale: | |
|---|---|
| Natura: | Capitolo di libro |
| Lingua: | slovacco |
| Soggetti: | |
| Tags: |
Nessun Tag, puoi essere il primo ad aggiungerne!!
|
MARC
| LEADER | 00000nla$a2200000$$$4500 | ||
|---|---|---|---|
| 001 | 0120184 | ||
| 005 | 20240502072338.5 | ||
| 041 | 0 | |a slo | |
| 044 | |a SK | ||
| 245 | 1 | 0 | |a Analýza výdavkov na vedu a výskum v Slovenskej republike |c Peter Fülöp |
| 520 | |a Výdavky na vedu a výskum na Slovensku - analýza. Percentuálny podiel na financovaní vedy a výskumu na Slovensku a v EÚ 27. Tendenciu poklesu výdavkov na vedu a výskum v celej EÚ treba zvrátiť. | ||
| 610 | 2 | 0 | |a výdavky |
| 610 | 2 | 0 | |a veda |
| 610 | 2 | 0 | |a výskum |
| 610 | 2 | 0 | |a Európska únia |
| 610 | 2 | 0 | |a Slovensko |
| 100 | 1 | |a Fülöp, Peter | |